[Event "MK Cafe Cup-A"]
[Site "Koszalin"]
[Date "1998.08.08"]
[Round "6"]
[White "Janovsky, Sergey"]
[Black "Prasad, Devaki V"]
[Result "1/2-1/2"]
[WhiteElo "2490"]
[BlackElo "2405"]

1.e4 c5 2.c3 Nf6 3.e5 Nd5 4.d4 cxd4 5.Nf3 Nc6 6.Bc4 Nb6 7.Bb3 d6 8.exd6 Qxd6
9.O-O Be6 10.Na3 Bxb3 11.Qxb3 e6 12.Nb5 Qd7 13.Nbxd4 Nxd4 14.Nxd4 Be7 15.Rd1 O-O
16.Nf5 Qc7 17.Nxe7+ Qxe7 18.Be3 Nd5 19.Bd4 Rfd8 20.c4 Nb4 21.Qc3 f6 22.a3 Nc6
23.Be3 Rxd1+ 24.Rxd1 Rd8 25.Rd2 a6 26.h3 Ne5 27.Rd4 Rc8 28.f4 Nc6 29.Rd2 e5
30.c5 Rd8 31.Rxd8+ Nxd8 32.b4 Nc6 33.b5 axb5 34.Qb3+ Kh8 35.Qxb5 h6 36.Qc4  1/2-1/2

[Event "MK Cafe Cup-A"]
[Site "Koszalin"]
[Date "1998.08.08"]
[Round "6"]
[White "Kunte, Abhijit"]
[Black "Vaulin, Alexander"]
[Result "1/2-1/2"]
[WhiteElo "2505"]
[BlackElo "2550"]

1.e4 c5 2.c3 Nf6 3.e5 Nd5 4.Nf3 e6 5.d4 cxd4 6.cxd4 d6 7.Bc4 Nb6 8.Bd3 Nc6
9.O-O Nb4 10.Be2 Be7 11.Nc3 O-O 12.a3 N4d5 13.Ne4 dxe5 14.dxe5 Bd7 15.Bd3 a6
16.Nd4 Qc7 17.Re1 Nc4 18.Ng5 Bxg5 19.Qh5 h6 20.Bxg5 Nxe5 21.Bxh6 Nxd3  1/2-1/2

[Event "Stockholm op (Women)"]
[Site "Stockholm"]
[Date "1998.08.08"]
[Round "8"]
[White "Johnsen, Sylvia"]
[Black "Jiretorn, Eva"]
[Result "1/2-1/2"]
[WhiteElo "2020"]
[BlackElo "2065"]

1.e4 c5 2.c3 Nf6 3.e5 Nd5 4.d4 cxd4 5.Nf3 e6 6.Qxd4 Nc6 7.Qe4 f5 8.exf6 Nxf6
9.Qa4 Be7 10.Bd3 O-O 11.O-O a6 12.Re1 Qa5 13.Qc2 Qh5 14.Nbd2 d5 15.Nf1 Bd6
16.b4 Bd7 17.Be3 Ng4 18.Bc5 Bxc5 19.bxc5 Rae8 20.h3 Nf6 21.Ng3 Qh6 22.Ne5 Bc8
23.Nxc6 bxc6 24.Re5 g6 25.Rae1 Rf7 26.Qa4 Qd2 27.Qd4 Qxa2 28.Bb1 Qb2 29.Rg5 e5
30.Rgxe5 Rxe5 31.Qxe5 a5 32.Qd4 Ba6 33.Bd3 Bxd3 34.Qxd3 Ne4 35.Nxe4 dxe4
36.Qd8+ Rf8 37.Qd4 Re8 38.Qf6 Qd2 39.Re3 Qd5 40.Qd6 Qxd6 41.cxd6 Rd8 42.Rxe4 Rxd6
43.Ra4 Rd1+ 44.Kh2 Rd5 45.Rc4 Rf5 46.Rxc6 Rxf2 47.c4 Rc2 48.Ra6  1/2-1/2

[Event "Budapest FS08 GM"]
[Site "Budapest"]
[Date "1998.08.09"]
[Round "9"]
[White "Shankar, Roy"]
[Black "Jelen, Igor"]
[Result "0-1"]
[WhiteElo "2370"]
[BlackElo "2345"]

1.e4 c5 2.c3 Nf6 3.e5 Nd5 4.d4 cxd4 5.Nf3 Nc6 6.Bc4 Nb6 7.Bb3 d6 8.exd6 Qxd6
9.Na3 dxc3 10.Qe2 Bf5 11.Nb5 Qd7 12.Ne5 Nxe5 13.Qxe5 f6 14.Nc7+ Kd8 15.Ne6+ Bxe6
16.Qxe6 Qxe6+ 17.Bxe6 Na4 18.b4 a5 19.Bf4 axb4 20.O-O-O+ Ke8 21.Rd5 b6 22.Be3 g6
23.Rhd1 Nc5 24.Bxc5 bxc5 25.f4 Bh6 26.g3 g5 27.Rxc5 Kf8 28.f5 g4+ 29.Kc2 Bd2
30.Rb5 h5 31.Rxb4 Kg7 32.Rb7 Rhb8 33.Rdb1 Rxb7 34.Rxb7 Kf8 35.Rb4 Rd8 36.h3 gxh3
37.Rh4 Be1 38.Rxh5 Rd2+ 39.Kxc3 h2 40.a4 Rg2+ 41.Kc4 Bxg3 42.Bd5 Rg1 43.a5 Ke8
44.a6 Ra1 45.Rh3 Bd6 46.Kb5 Kd7 47.Kb6 Rb1+ 48.Ka5 Bc7+ 49.Ka4 Ra1+ 50.Ra3 Rxa3+
51.Kxa3 Bb6 52.Kb4 Kd6 53.Bh1 Ke5 54.Kc4 Kxf5 55.Kd3 Kf4 56.Ke2 e5 57.Bg2 e4
58.Bh1 f5 59.Kf1 Ke3 60.Kg2 f4 61.Kxh2 f3  0-1

[Event "Budapest FS08 GM"]
[Site "Budapest"]
[Date "1998.08.10"]
[Round "10"]
[White "Blauert, Joerg"]
[Black "Shankar, Roy"]
[Result "0-1"]
[WhiteElo "2385"]
[BlackElo "2370"]

1.e4 c5 2.c3 Nf6 3.e5 Nd5 4.d4 cxd4 5.Nf3 Nc6 6.cxd4 d6 7.Bc4 e6 8.O-O Be7
9.Qe2 O-O 10.Nc3 Nxc3 11.bxc3 dxe5 12.dxe5 b6 13.Qe4 Qc7 14.Bd3 g6 15.Bh6 Rd8
16.Rad1 Bb7 17.Qf4 Rd7 18.Be4 Rxd1 19.Rxd1 Rd8 20.Rxd8+ Nxd8 21.Bxb7 Qxb7
22.Ng5 Qd5 23.g3 Qd1+ 24.Kg2 Qd5+ 25.Kh3 Qd1 26.f3 Qf1+ 27.Kg4 Qd3 28.Ne4 Nc6
29.Nf6+ Kh8 30.Kh3 Qf1+ 31.Kg4 Qe2 32.Nd7 Qxh2 33.Qxf7 Qh5+ 34.Kf4 g5+  0-1

[Event "MK Cafe Cup-A"]
[Site "Koszalin"]
[Date "1998.08.11"]
[Round "9"]
[White "Rozentalis, Eduardas"]
[Black "Konguveel, Ponnuswamy"]
[Result "1-0"]
[WhiteElo "2575"]
[BlackElo "2410"]

1.e4 c5 2.c3 Nf6 3.e5 Nd5 4.Nf3 Nc6 5.Bc4 Nb6 6.Bb3 c4 7.Bc2 d6 8.exd6 Qxd6
9.O-O g6 10.Na3 Bg7 11.b3 cxb3 12.axb3 O-O 13.d4 Bg4 14.h3 Bxf3 15.Qxf3 e5
16.Nb5 Qd5 17.Qe2 Rac8 18.c4 Nxd4 19.Nxd4 Qxd4 20.Be3 Qd7 21.Rxa7 Qc6 22.Qf3 Qxf3
23.gxf3 Nd5 24.cxd5 Rxc2 25.Rxb7 Rcc8 26.d6 Rb8 27.Rxb8 Rxb8 28.Rc1 Bf6 29.d7 Rd8
30.Rc8 Kg7 31.Rxd8 Bxd8 32.b4 Kf6 33.b5 Ke6 34.b6 Kxd7 35.b7 Bc7 36.Ba7 Ke6
37.b8=Q Bxb8 38.Bxb8 Kf5 39.Kg2 g5 40.Bc7 e4 41.fxe4+ Kxe4 42.Kg3 Kf5 43.Kf3 h5
44.Ke3 f6 45.Kf3 Kg6 46.Ke4 f5+ 47.Ke5 h4 48.Ke6 g4 49.Bf4 gxh3 50.f3 h2
51.Bxh2 Kg5 52.Ke5  1-0

[Event "ARG-ch97"]
[Site "Villa Martelli"]
[Date "1998.08.11"]
[Round "5"]
[White "Hoffman, Alejandro"]
[Black "Quiroga, Facundo"]
[Result "1/2-1/2"]
[WhiteElo "2525"]
[BlackElo "2370"]

1.e4 c5 2.c3 Nf6 3.e5 Nd5 4.d4 cxd4 5.Nf3 Nc6 6.cxd4 d6 7.Bc4 Nb6 8.Bb3 dxe5
9.d5 Na5 10.Nc3 g6 11.Nxe5 Nxb3 12.Qxb3 Bg7 13.Bf4 O-O 14.Rd1 Bf5 15.O-O Nd7
16.Rfe1 Nxe5 17.Bxe5 Qd7 18.h3 h5 19.Bxg7 Kxg7 20.Qb4 Rfe8 21.Re3 a5 22.Qd4+ f6
23.Na4 e5 24.dxe6 Qxd4 25.Rxd4 Bxe6 26.Nc5 Bxa2 27.Rd7+ Kh6 28.Rxb7 Rxe3
29.fxe3 a4 30.Rb4  1/2-1/2

[Event "Wch (Men) U26"]
[Site "Rotterdam"]
[Date "1998.08.12"]
[Round "2"]
[White "Tzermiadianos, Andreas"]
[Black "Strijbos, Maarten"]
[Result "1-0"]
[WhiteElo "2465"]
[BlackElo "2250"]

1.e4 c5 2.c3 Nf6 3.e5 Nd5 4.Nf3 e6 5.Bc4 Nb6 6.Bb3 d5 7.exd6 Bxd6 8.d4 cxd4
9.cxd4 Bd7 10.O-O Bc6 11.Nc3 O-O 12.Ne5 Bxe5 13.dxe5 Qxd1 14.Rxd1 N8d7 15.Re1 a5
16.Bc2 Nd5 17.Nxd5 Bxd5 18.Bd2 Rfc8 19.Bd3 Nc5 20.Bb5 Bc6 21.Bf1 Rd8 22.Rad1 Na4
23.Bc1 Rxd1 24.Rxd1 Nb6 25.Be3 Nd5 26.Bd2 a4 27.Rc1 Kf8 28.f3 Ke7 29.Kf2 Kd7
30.Bd3 g6 31.a3 Rg8 32.h4 h5 33.g4 hxg4 34.fxg4 f5 35.exf6 Nxf6 36.Rc4 e5
37.g5 Nd5 38.Be2 Rh8 39.Bg4+ Kd6 40.Kg3 Nb6 41.Bb4+ Kc7 42.Ba5 Ra8 43.Rc5 Re8
44.h5  1-0

[Event "ARG-ch97"]
[Site "Villa Martelli"]
[Date "1998.08.12"]
[Round "6"]
[White "Malbran, Guillermo"]
[Black "Slipak, Sergio"]
[Result "1/2-1/2"]
[WhiteElo "2430"]
[BlackElo "2500"]

1.e4 c5 2.c3 Nf6 3.e5 Nd5 4.Nf3 e6 5.Bc4 Nb6 6.Bb3 d6 7.exd6 Qxd6 8.d4 cxd4
9.cxd4 N8d7 10.Nc3 Nf6 11.O-O Be7 12.Ne5 O-O 13.Bf4 Nbd5 14.Bg3 Qb6 15.Bh4 Nxc3
16.bxc3 Qc7 17.Qd3 Bd7 18.Rfe1 Rad8 19.Re3 Bc6 20.Rae1 Nd5 21.Nxc6 bxc6 22.Bc2 g6
23.Bxe7 Qxe7 24.Rf3 c5 25.Bb3 cxd4 26.Qxd4  1/2-1/2

[Event "Wch (Men) U26"]
[Site "Rotterdam"]
[Date "1998.08.16"]
[Round "5"]
[White "Claesen, Jeroen"]
[Black "Garbisu, Unai"]
[Result "1-0"]
[WhiteElo "2330"]
[BlackElo "2395"]

1.e4 c5 2.c3 Nf6 3.e5 Nd5 4.d4 cxd4 5.Nf3 Nc6 6.Bc4 Nb6 7.Bb3 d5 8.exd6 Qxd6
9.cxd4 e6 10.O-O Be7 11.Nc3 O-O 12.a3 Qd8 13.Qd3 Bf6 14.Be3 g6 15.Rad1 Bg7
16.Rfe1 Ne7 17.Bg5 f6 18.Bc1 Nbd5 19.h4 Nxc3 20.bxc3 Qb6 21.c4 Kh8 22.h5 gxh5
23.Bc2 Ng6 24.c5 Qc7 25.Be3 b6 26.cxb6 axb6 27.d5 exd5 28.Bxb6 Qb8 29.Bc5 Rg8
30.Qxd5 Nf4 31.Qxg8+ Kxg8 32.Rd8+ Bf8 33.Rxf8+ Kg7 34.Ree8 h4 35.Rg8+ Kh6
36.Re7 f5 37.Bxf5 Bxf5 38.Rxb8 Rxb8 39.Be3  1-0

[Event "Wch (Women) U26"]
[Site "Rotterdam"]
[Date "1998.08.16"]
[Round "5"]
[White "Werner, Veronika"]
[Black "Khurtsidze, Nino"]
[Result "0-1"]
[WhiteElo "2245"]
[BlackElo "2375"]

1.e4 c5 2.c3 Nf6 3.e5 Nd5 4.d4 cxd4 5.Nf3 e6 6.cxd4 d6 7.a3 Nc6 8.Bd3 g6
9.O-O Bg7 10.Qe2 O-O 11.Bd2 Qb6 12.Nc3 Nxd4 13.Nxd4 Qxd4 14.exd6 Nf4 15.Bxf4 Qxf4
16.Rfd1 Rd8 17.Be4 Rb8 18.g3 Qe5 19.Qf3 Rxd6 20.Rxd6 Qxd6 21.Rd1 Qe7 22.Qd3 Bf6
23.Qb5 b6 24.Bc6 a6 25.Qe2 Bxc3 26.bxc3 e5 27.Bd5 Kg7 28.a4 a5 29.Qc4 h5
30.h4 Bf5 31.Re1 Rc8 32.Qb3 Qc7 33.c4 f6 34.Re2 Rd8 35.Rb2 Rd6 36.Kg2 Qc5
37.Rd2 Bd7 38.Rd3 Bc8 39.Rd1 Bg4 40.Rd2 e4 41.Rb2 Qd4 42.Rb1 Qd3 43.Kg1 Bd7
44.Qxd3 exd3 45.Rd1 Bxa4 46.Rxd3 Bc6  0-1

[Event "Wch (Men) U26"]
[Site "Rotterdam"]
[Date "1998.08.17"]
[Round "6"]
[White "Tzermiadianos, Andreas"]
[Black "Van Blitterswijk, Stefan"]
[Result "1-0"]
[WhiteElo "2465"]
[BlackElo "2320"]

1.e4 c5 2.c3 Nf6 3.e5 Nd5 4.Nf3 e6 5.Bc4 d6 6.d4 Nc6 7.O-O cxd4 8.cxd4 Be7
9.a3 O-O 10.Bd3 g6 11.Bh6 Re8 12.Re1 dxe5 13.dxe5 b6 14.Nbd2 Bb7 15.Ne4 Qb8
16.Ng3 Rd8 17.Qb1 Nc7 18.Bg5 Bxg5 19.Nxg5 Nd5 20.Nf3 Nf4 21.Be4 Nd4 22.Nxd4 Rxd4
23.Qc1 Nd5 24.Bf3 Ne7 25.Qe3 Rd8 26.Bxb7 Qxb7 27.Ne4 Nf5 28.Qf4 h5 29.Nd6 Nxd6
30.exd6 Rac8 31.Rad1 Rc5 32.Re5 Rxe5 33.Qxe5 Qc6 34.h3 Qc5 35.Qf4 Qc2 36.Rd2 Qb1+
37.Kh2 Qf5 38.Qe3 e5 39.g3 Kg7 40.h4 Qf6 41.Qd3 Rd7 42.b4 g5 43.hxg5 Qxg5
44.Qd5 h4 45.Rd3 Qf5 46.Kg1 Qg5 47.f4 Qg4 48.fxe5  1-0

[Event "Wiesbaden op"]
[Site "Wiesbaden"]
[Date "1998.08.23"]
[Round "3"]
[White "Rechel, Ralf"]
[Black "Solonar, Stephan"]
[Result "1-0"]
[WhiteElo "2145"]
[BlackElo "2315"]

1.e4 c5 2.c3 Nf6 3.e5 Nd5 4.d4 cxd4 5.Nf3 e6 6.cxd4 b6 7.Nc3 Nxc3 8.bxc3 Bb7
9.Bd3 Be7 10.O-O O-O 11.Re1 d5 12.h4 h6 13.Bb1 Bxh4 14.Qc2 g6 15.Bxh6 Re8
16.g3 Be7 17.Kg2 Nd7 18.Rh1 Nf8 19.Qd2 Rc8 20.Bg7 g5 21.Bxf8 Kxf8 22.Rh8+ Kg7
23.Rh7+ Kg8 24.Qd3 Ba3 25.Rxf7 Kxf7 26.Qg6+ Kf8 27.Qh6+  1-0

[Event "Wiesbaden op"]
[Site "Wiesbaden"]
[Date "1998.08.24"]
[Round "4"]
[White "Wachweger, Albrecht"]
[Black "Beckmann, Klaus"]
[Result "0-1"]
[WhiteElo "2060"]
[BlackElo "2220"]

1.e4 c5 2.c3 Nf6 3.d3 Nc6 4.Nf3 d6 5.Be2 g6 6.Bg5 Bg7 7.Qd2 O-O 8.Bh6 c4
9.Bxg7 Kxg7 10.Na3 cxd3 11.Bxd3 b6 12.O-O Bb7 13.Rfe1 a6 14.Nc2 Ne5 15.Nfd4 Rc8
16.f4 Nxd3 17.Qxd3 e5 18.Nf3 exf4 19.Nb4 b5 20.Nd5 Bxd5 21.exd5 Qb6+ 22.Kh1 Ng4
23.Qd4+ Qxd4 24.Nxd4 Ne3 25.Re2 Nxd5 26.Rd2 Ne3 27.Ne2 Nc4 28.b3 Nxd2  0-1

[Event "Wiesbaden op"]
[Site "Wiesbaden"]
[Date "1998.08.25"]
[Round "5"]
[White "Tufa, Simona"]
[Black "Wissemann, Andreas"]
[Result "0-1"]
[WhiteElo "2065"]
[BlackElo "2070"]

1.e4 c5 2.c3 Nf6 3.e5 Nd5 4.d4 cxd4 5.cxd4 d6 6.exd6 Qxd6 7.Nc3 Nc6 8.Nf3 g6
9.Be2 Bg7 10.O-O O-O 11.Be3 b6 12.Rc1 Bb7 13.Bc4 Nxe3 14.fxe3 Na5 15.Nb5 Qd7
16.Be2 a6 17.Nc3 b5 18.b3 Nc6 19.Ne1 Qe6 20.Nc2 Qd6 21.Ne4 Qd8 22.Nc5 Rb8
23.Bf3 Na5 24.Nxb7 Nxb7 25.Nb4 Qd6 26.Qd2 Nd8 27.Rc2 a5 28.Nd3 Ne6 29.Qxa5 Ng5
30.Qd2 Nxf3+ 31.Rxf3 e5 32.Nxe5 Bxe5 33.dxe5 Qxe5 34.Qd4 Qxd4 35.exd4 b4
36.d5 Rfd8 37.Rd2 Rd6 38.Rf4 Rb5 39.Rfd4 f5 40.Kf2 Kf7 41.Kf3 Kf6 42.Rc4 Ke5
43.Rdd4 Ra5 44.Rxb4 Rxa2 45.Rd3 Rxd5 46.Rxd5+ Kxd5 47.Rb7 Rb2 48.h3 Ke5 49.b4 Rb3+
50.Ke2 h5 51.b5 Kf4 52.b6 Kg3 53.Rb8 Kxg2 54.b7 Kxh3 55.Kf2 Kg4 56.Rg8 Rxb7
57.Rxg6+ Kf4 58.Rh6 Rb2+ 59.Kg1 Kg5 60.Rh8 Ra2 61.Rg8+ Kf4 62.Rh8 Kg3 63.Rg8+ Kf3
64.Rg5 f4 65.Rxh5 Ra1+ 66.Kh2 Kf2 67.Rb5 Ra2 68.Rb8 f3 69.Rf8 Ra7 70.Rh8 Rg7
71.Rh6 Rg2+ 72.Kh1 Rg4 73.Rh8 Kf1 74.Rh7 f2 75.Rh8 Ke2 76.Re8+ Kf3 77.Rf8+ Kg3
78.Rf4  0-1

[Event "Wiesbaden op"]
[Site "Wiesbaden"]
[Date "1998.08.28"]
[Round "8"]
[White "Euler, Gerd"]
[Black "Roettgen, Juergen"]
[Result "1-0"]
[WhiteElo "2385"]
[BlackElo "2205"]

1.e4 c5 2.c3 Nf6 3.e5 Nd5 4.d4 cxd4 5.Qxd4 e6 6.Nf3 Nc6 7.Qe4 d6 8.c4 Nb6
9.exd6 Bxd6 10.Nc3 Nd7 11.Be3 Nf6 12.Qh4 Qa5 13.Bd2 Qh5 14.Nb5 Qxh4 15.Nxd6+ Kd7
16.Nxh4 Kxd6 17.O-O-O Ke7 18.f4 Rd8 19.Re1 Kf8 20.Bc3 b6 21.Rg1 Bb7 22.Nf3 Rac8
23.g4 Ne8 24.f5 exf5 25.gxf5 f6 26.Rg4 Nd6 27.Bd3 Rc7 28.Rh4 h6 29.Rg4 Bc8
30.Rf4 Re7 31.Rd1 Kg8 32.Rg1 Kh7 33.Kc2 Nf7 34.Rfg4 Nd6 35.Nh4 Ne8 36.R1g3 Ne5
37.Re4 Nd6 38.Rxe5 Rxe5 39.Bxe5 fxe5 40.f6+ e4 41.Rxg7+  1-0

[Event "Wiesbaden op"]
[Site "Wiesbaden"]
[Date "1998.08.29"]
[Round "9"]
[White "Rechel, Bernd"]
[Black "Enzmann, Steffen"]
[Result "1-0"]
[WhiteElo "2365"]
[BlackElo "2125"]

1.e4 c5 2.c3 Nf6 3.e5 Nd5 4.d4 Qc7 5.Nf3 cxd4 6.cxd4 g6 7.Bd2 Bg7 8.Qb3 Nb6
9.Na3 O-O 10.Rc1 Qd8 11.Nb5 Nc6 12.d5 Nxe5 13.Nxe5 Bxe5 14.Ba5 e6 15.g3 Qf6
16.d6 Bxd6 17.Be2 Be7 18.Bc3 Qg5 19.O-O e5 20.Nc7 Rb8 21.a4 d6 22.a5 Nd7
23.Qd1 Nc5 24.Nd5 Bd8 25.f4 exf4 26.Qd4 f6 27.Nxf4 Rf7 28.Bc4  1-0

[Event "Karl Wagner mem 5th"]
[Site "Graz"]
[Date "1998.09.05"]
[Round "1.20"]
[White "Leitner, Kurt"]
[Black "Gorbatow, Alexej"]
[Result "0-1"]
[WhiteElo "2115"]
[BlackElo "2420"]

1.e4 c5 2.c3 Nf6 3.e5 Nd5 4.d4 cxd4 5.Qxd4 e6 6.Nf3 Nc6 7.Qe4 d6 8.Bc4 dxe5
9.Nxe5 Nxe5 10.Qxe5 Qd6 11.Qxd6 Bxd6 12.O-O Nb6 13.Bb3 Bd7 14.Be3 Bc6 15.Bxb6 axb6
16.Rd1 Ke7 17.Nd2 Rhd8 18.Nc4 Bc7 19.Rxd8 Rxd8 20.Rd1 Rxd1+ 21.Bxd1 g6 22.g3 e5
23.Ne3 f5 24.Bb3 Bd8 25.Nd5+ Kd6 26.Nb4 Be4 27.Bg8 h5 28.Kf1 g5 29.h3 f4
30.Bc4 Bf6 31.gxf4 exf4 32.Bd3 Ke5 33.Ke2 g4 34.Bxe4 Kxe4 35.f3+ gxf3+ 36.Kf2 Be7
37.Nc2 Bc5+ 38.Nd4 b5 39.h4 b4 40.Kf1 Bxd4 41.cxd4 Kxd4 42.Kf2 Ke4 43.a4 bxa3
44.bxa3 b5 45.Kf1 Ke3 46.Ke1 f2+ 47.Kf1 f3 48.a4 b4  0-1

[Event "Karl Wagner mem 5th"]
[Site "Graz"]
[Date "1998.09.07"]
[Round "3.21"]
[White "Leitner, Kurt"]
[Black "Grabher, Heinz"]
[Result "1-0"]
[WhiteElo "2115"]
[BlackElo "2285"]

1.e4 c5 2.c3 Nf6 3.e5 Nd5 4.d4 cxd4 5.Qxd4 e6 6.Nf3 Nc6 7.Qe4 d6 8.Bc4 Nb6
9.Bb3 d5 10.Qe2 Qc7 11.O-O Nd7 12.Bf4 b6 13.Bg3 Nc5 14.Na3 Ba6 15.Nb5 Bxb5
16.Qxb5 Be7 17.Nd4 Rc8 18.Bc2 O-O 19.Nxc6 Qxc6 20.Qxc6 Rxc6 21.Rad1 Nb7 22.Ba4 Rc7
23.Bf4 Rc4 24.Rd4 Rxd4 25.cxd4 Rc8 26.Rc1 Rxc1+ 27.Bxc1 Na5 28.Bb5 f6 29.f4 Kf7
30.Kf2 f5 31.Ke2 h6 32.Kd3 Bb4 33.g3 Nb7 34.a3 Bf8 35.Bd2 Na5 36.h3 Nb7 37.g4 fxg4
38.hxg4 g6 39.f5 gxf5 40.gxf5 exf5 41.Bc6 Nd8 42.Bxd5+ Ne6 43.Kc4 h5 44.Kb5 Ke7
45.Bb4+ Kd7 46.Bxe6+ Kxe6 47.Bxf8 f4 48.Kc4 h4 49.Bh6 Kf5 50.e6 f3 51.Kd3 h3
52.e7 h2 53.e8=Q h1=Q 54.Qf7+ Kg4 55.Qg6+  1-0

[Event "Karl Wagner mem 5th"]
[Site "Graz"]
[Date "1998.09.08"]
[Round "4.42"]
[White "Neubauer, Anton"]
[Black "Adinolfi, Vincenzo"]
[Result "1/2-1/2"]
[WhiteElo "2015"]
[BlackElo "2170"]

1.e4 c5 2.c3 Nf6 3.e5 Nd5 4.d4 e6 5.Nf3 Nc6 6.c4 Ndb4 7.d5 exd5 8.cxd5 Nxe5
9.Be2 d6 10.a3 Na6 11.Nc3 Be7 12.O-O O-O 13.Nxe5 dxe5 14.Bxa6 bxa6 15.f4 exf4
16.Bxf4 Bf6 17.Be3 c4 18.Qd2 Be5 19.Bf4 Qb6+ 20.Kh1 Bf6 21.Be3 Qd8 22.Rf4 Bb7
23.Rxc4 Bxc3 24.Rxc3 Qxd5 25.Qxd5 Bxd5 26.Rd1 Be6 27.Rd2 h6 28.h3 a5 29.Rc5 a4
30.Ra5 Bb3 31.Rxa7 Rac8 32.Rad7 Rfe8 33.Bd4 Kh7 34.Bc3 Re4 35.Kh2 Rce8 36.R2d4 h5
37.h4 Re2 38.Rd2 Re1 39.Rd8 R8e4 40.R8d4 Re5 41.R2d3 R1e3 42.Rxe3 Rxe3 43.Kg1 Kg6
44.Kf2 Re7 45.Kf3 f6 46.Bb4 Rc7 47.Bc3 Kf5 48.Rf4+ Ke6 49.Ke3 Rc6 50.g3 Kf7
51.Rd4 g5 52.hxg5 fxg5 53.Rd7+ Kg6 54.Rg7+ Kh6 55.Re7 Kg6 56.Re5 Re6 57.Bd4 Rf6
58.Rb5 Rf1 59.Rb6+ Kf7 60.Rh6 Bd1 61.Kd2 Rh1 62.Bf6 h4 63.gxh4 gxh4 64.Rxh4  1/2-1/2

[Event "Karl Wagner mem 5th"]
[Site "Graz"]
[Date "1998.09.11"]
[Round "7.28"]
[White "Rott, Georg"]
[Black "Zoister, Stefan"]
[Result "1/2-1/2"]
[WhiteElo "2200"]
[BlackElo "2105"]

1.e4 c5 2.c3 Nf6 3.e5 Nd5 4.d4 cxd4 5.Nf3 e6 6.cxd4 d6 7.Bd2 Nc6 8.a3 dxe5
9.dxe5 Bc5 10.Qc2 Qb6 11.Bc3 Bd7 12.Bc4 Nxc3 13.Nxc3 Nd4 14.Nxd4 Bxd4 15.Qe2 Qc5
16.Nb5 Qxe5 17.Nxd4 Qxd4 18.Rd1 Qb6 19.O-O Rd8 20.Qe5 O-O 21.Rd3 Bc6 22.Rg3 g6
23.Rg4 Bd5 24.Bd3 Qd6 25.Qh5 Qe7 26.Re1 f5 27.Rg3 Qf6 28.b4 e5 29.Qe2 e4
30.Bc4 Qd4 31.Bxd5+ Rxd5 32.h4 Qd2 33.Qf1 Rfd8 34.Rge3 Rd3 35.Kh2 Qc3 36.g4 Rxe3
37.Rxe3 Rd3 38.gxf5 Qe5+ 39.Kg2 Qxf5 40.Qe2 Rxe3 41.Qxe3 b6 42.Qg3 Qf7 43.Qb8+ Qf8
44.Qxa7 Qf3+ 45.Kg1 Qg4+  1/2-1/2

[Event "CRO-chT"]
[Site "Porec"]
[Date "1998.09.12"]
[Round "6"]
[White "Sermek, Drazen"]
[Black "Kozul, Zdenko"]
[Result "1/2-1/2"]
[WhiteElo "2550"]
[BlackElo "2570"]

1.e4 c5 2.c3 Nf6 3.e5 Nd5 4.Nf3 Nc6 5.d4 cxd4 6.cxd4 d6 7.Bc4 e6 8.O-O Be7
9.Qe2 O-O 10.Re1 Bd7 11.Nc3 Nxc3 12.bxc3 dxe5 13.dxe5 Rc8 14.Bd3 Qa5 15.Bg5 g6
16.Qd2 Bxg5 17.Qxg5 f5 18.exf6 Qxg5 19.Nxg5 Nd8 20.Ne4 Bc6 21.Rad1 Bxe4 22.Bxe4 Rxf6
23.h4 Rf7 24.Re3 Re7 25.h5 gxh5 26.Rh3 Nf7 27.Rxh5 h6 28.Rd3 Rc4 29.Rg3+ Kf8
30.Bg6 Rf4 31.f3 Rf6 32.Rc5 Ng5 33.Rc8+ Kg7 34.Bc2 Rf4 35.Kf2 e5 36.Ke3 Rh4
37.Bb3 Rd7 38.Be6 Rd6 39.Rc7+ Kf6 40.Bb3 a5 41.Rxb7 a4 42.Bg8 e4 43.fxe4 Rxe4+
44.Kf2 Rd2+ 45.Kg1 Rd1+ 46.Kf2 Rd2+ 47.Kg1 Rd1+ 48.Kf2 Rd2+  1/2-1/2

[Event "Elista ol (Men)"]
[Site "Elista"]
[Date "1998.09.29"]
[Round "1"]
[White "Al Modiahki, Mohamad"]
[Black "Saltaev, Mihail"]
[Result "0-1"]
[WhiteElo "2505"]
[BlackElo "2525"]

1.e4 c5 2.c3 Nf6 3.e5 Nd5 4.d4 cxd4 5.Nf3 Nc6 6.cxd4 d6 7.Bc4 e6 8.O-O Be7
9.a3 O-O 10.Qe2 Bd7 11.Rd1 Na5 12.Ba2 Ba4 13.Re1 Nb3 14.Bxb3 Bxb3 15.Nbd2 Qb6
16.Nxb3 Qxb3 17.Bg5 dxe5 18.dxe5 Rac8 19.Rac1 Bc5 20.Qc2 Qxc2 21.Rxc2 h6
22.Rec1 hxg5 23.Rxc5 Rxc5 24.Rxc5 f6 25.Nd4 Kf7 26.exf6 gxf6 27.b4 Rd8 28.h3 Rd7
29.Nb5 f5 30.Nc3 Nf4 31.Kf1 Kf6 32.Kg1 b6 33.Rc6 Ke5 34.Na4 Rd3 35.Nc3 Rxc3  0-1

[Event "Elista ol (Men)"]
[Site "Elista"]
[Date "1998.09.30"]
[Round "2"]
[White "Faraj, Yahya"]
[Black "Menghi, Carlo"]
[Result "1/2-1/2"]
[WhiteElo "2235"]
[BlackElo "2235"]

1.e4 c5 2.c3 Nf6 3.e5 Nd5 4.g3 d6 5.exd6 e6 6.Bg2 Bxd6 7.Ne2 O-O 8.Na3 Nc6
9.Nc4 Ne5 10.Nxe5 Bxe5 11.O-O Qc7 12.d4 cxd4 13.Nxd4 Bd7 14.Nf3 Bb5 15.Re1 Bf6
16.Bg5 Bxg5 17.Nxg5 Nf6 18.Ne4 Nxe4 19.Bxe4 Bc6 20.Qf3 Bxe4 21.Qxe4 Rad8
22.Rad1 Qb6 23.Qc2 g6  1/2-1/2

[Event "Elista ol (Men)"]
[Site "Elista"]
[Date "1998.10.02"]
[Round "4"]
[White "Sequera, Jose"]
[Black "Van Wely, Loek"]
[Result "0-1"]
[WhiteElo "2340"]
[BlackElo "2635"]

1.e4 c5 2.c3 Nf6 3.e5 Nd5 4.Nf3 Nc6 5.Bc4 Nb6 6.Bb3 g6 7.d4 cxd4 8.Ng5 d5
9.exd6 e6 10.Qf3 Ne5 11.Qg3 Bg7 12.cxd4 Nc6 13.Be3 Nxd4 14.Bxd4 Bxd4 15.Nc3 h6
16.Nb5 Qxg5 17.Nxd4 Bd7 18.O-O Qxg3 19.fxg3 O-O 20.Rf2 Rfd8 21.Nf3 Be8 22.Rd1 Rac8
23.Rfd2 Rc5 24.Rd4 Bc6 25.Ne1 Bd5 26.Nd3 Rc6 27.Bxd5 Nxd5 28.Ne5 Rcxd6 29.Ng4 Kg7
30.Ne3 R6d7 31.Nc4 Rc7 32.R1d2 Rdc8 33.b3 b5 34.Nd6 Rb8 35.Re2 Rc6 36.Ne4 Rbc8
37.a3 a5 38.h3 Rc1+ 39.Kh2 Rb1 40.Nd2 Rb2  0-1

[Event "Elista ol (Men)"]
[Site "Elista"]
[Date "1998.10.05"]
[Round "7"]
[White "Pace, Colin"]
[Black "Soylu, Suat"]
[Result "0-1"]
[WhiteElo "2200"]
[BlackElo "2275"]

1.e4 c5 2.c3 Nf6 3.e5 Nd5 4.Nf3 Nc6 5.Bc4 Nb6 6.Bb3 d5 7.exd6 Qxd6 8.O-O Bf5
9.d4 cxd4 10.cxd4 e6 11.Nc3 Be7 12.Be3 Rd8 13.Qe2 O-O 14.Rfd1 Nb4 15.d5 N4xd5
16.Nxd5 Nxd5 17.Bxa7 Nf4 18.Qe3 Qa6 19.Bc5 Bxc5 20.Qxc5 Rxd1+ 21.Rxd1 Qe2
22.Qe3 Qxe3 23.fxe3 Nd3 24.Rd2 Nc5 25.Bc2 Bxc2 26.Rxc2 Na6 27.Rd2 Rc8 28.Ng5 h6
29.Ne4 Rc7 30.Rd8+ Kh7 31.Rd2 Kg6 32.Kf2 f5 33.Nc3 Kf6 34.Kf3 Ke5 35.Nb5 Rc5
36.Nc3 Rc7 37.Nb5 Re7 38.Nd6 Nb4 39.Nc4+ Kf6 40.a3 Nc6 41.Rd6 Rc7 42.Nb6 Ne5+
43.Ke2 Ke7 44.Rd2 Rc6 45.Na4 g5 46.Nc3 h5 47.h3 Rc8 48.Nb5 h4 49.Nd6 Rc7
50.Nb5 Rc1 51.Kf2 g4 52.hxg4 fxg4 53.Rd4 g3+ 54.Ke2 h3  0-1

[Event "Elista ol (Men)"]
[Site "Elista"]
[Date "1998.10.06"]
[Round "8"]
[White "Kozak, Alexander"]
[Black "Petkevich, Jusefs"]
[Result "1/2-1/2"]
[WhiteElo "2335"]
[BlackElo "2460"]

1.e4 c5 2.c3 Nf6 3.e5 Nd5 4.d4 cxd4 5.Nf3 Nc6 6.Bc4 e6 7.cxd4 d6 8.O-O Be7
9.Qe2 Nb6 10.Bb3 d5 11.Nc3 a6 12.Be3 Na5 13.Bc2 Nbc4 14.Bd3 Bd7 15.Rac1 Rc8
16.g3 b5 17.h4 Nc6 18.Kg2 h6 19.h5 Qa5 20.Nd2 Qb4 21.Nxc4 bxc4 22.Bb1 Rb8
23.Qg4 Bf8 24.Rc2 Qb7 25.f4 Ne7 26.Bf2 Nf5 27.Qh3 Bb4 28.g4 Ne7 29.Re2 Nc6
30.f5 Be7 31.Be3 Nb4 32.Bf4 Qb6 33.f6 gxf6 34.exf6 Bd6 35.a3 Bxf4 36.Rxf4 Qd6
37.Qg3 Nc6 38.g5 hxg5 39.Qxg5 Kd8 40.h6 Kc7 41.h7 Rbe8 42.Qg3 e5 43.dxe5 Nxe5
44.Rd4 Bc6 45.Ne4 Qe6 46.Ng5 Qd6 47.Nf3 Nd7 48.Rxe8 Rxe8 49.Qg8 Qf8 50.Rg4 Nxf6
51.Qxf8 Rxf8 52.Rh4 Nxh7 53.Rxh7 Rb8 54.Rxf7+ Kd6 55.b4 cxb3 56.Kf2 Kc5 57.Rf4 a5
58.Ke3 Bb5 59.Nd4 Bc4 60.Kd2 Rh8 61.Kc3 Rh3+ 62.Rf3 Rh1 63.Bd3 Rc1+ 64.Kb2 Kxd4
65.Kxc1 Bxd3 66.Kb2 a4 67.Rf4+ Be4 68.Rf8 Ke3 69.Ra8 d4 70.Rxa4 d3 71.Kxb3 d2
72.Rxe4+ Kxe4 73.Kc2  1/2-1/2

[Event "Elista ol (Men)"]
[Site "Elista"]
[Date "1998.10.09"]
[Round "10"]
[White "Kabir, S Ruhul"]
[Black "Petkevich, Jusefs"]
[Result "0-1"]
[WhiteElo "2165"]
[BlackElo "2460"]

1.e4 c5 2.c3 Nf6 3.e5 Nd5 4.d4 cxd4 5.Nf3 e6 6.cxd4 b6 7.Nc3 Nxc3 8.bxc3 Bb7
9.Bd3 Qc7 10.Bd2 d6 11.O-O Nd7 12.Ng5 g6 13.Qg4 dxe5 14.Rfe1 Be7 15.dxe5 a6
16.Qf4 Bxg5 17.Qxg5 h6 18.Qg3 Nc5 19.Bc2 O-O-O 20.Be3 Rd5 21.Bd4 Qc6 22.a4 f5
23.f3 g5 24.Qf2 g4 25.f4 h5 26.Red1 h4 27.c4 Rdd8 28.Bxc5 bxc5 29.Rd6 Rxd6
30.exd6 h3 31.Rd1 Qxg2+ 32.Qxg2 hxg2 33.a5 Bc6 34.Rb1 Kd7 35.Rd1 Rh3 36.Rd3 Rxd3
37.Bxd3 Kxd6 38.Bc2 Ke7 39.Kf2 Kf6 40.Bb3 e5 41.fxe5+ Kxe5 42.Bc2 Kf4 43.Bd1 Kg5
44.Bc2 f4 45.Bh7 Kh4 46.Bf5 Kh3 47.Be6 Kxh2  0-1

[Event "Elista ol (Men)"]
[Site "Elista"]
[Date "1998.10.10"]
[Round "11"]
[White "Norris, Alan J"]
[Black "Grosar, Aljosa"]
[Result "1/2-1/2"]
[WhiteElo "2330"]
[BlackElo "2450"]

1.e4 c5 2.c3 Nf6 3.e5 Nd5 4.d4 cxd4 5.Nf3 d6 6.cxd4 Nc6 7.Bc4 e6 8.O-O Be7
9.Qe2 O-O 10.Qe4 Qc7 11.Bg5 Ndb4 12.exd6 Qxd6 13.Bf4 Qd7 14.Nc3 f5 15.Qe2 Nxd4
16.Nxd4 Qxd4 17.Bxe6+ Bxe6 18.Qxe6+ Rf7 19.Be5 Qb6 20.Qxb6 axb6 21.Rfd1 Nc6
22.Bc7 Bc5 23.Nd5 Ra6 24.Rd2 Bd4 25.Bf4 h6 26.h4 Ra5 27.Ne3 b5 28.a3 Ra4
29.g3 b4 30.Nd5 Ra8 31.Nc7 Ra5 32.Rad1 bxa3 33.bxa3 Be5 34.Bxe5 Nxe5 35.Rd8+ Rf8
36.R8d5 Rxd5 37.Rxd5 Nc4 38.Nb5 Ra8 39.Rd7 Nxa3 40.Nxa3 Rxa3 41.Rxb7 f4 42.g4 Rh3
43.Kg2 Rxh4  1/2-1/2